000 004910000a22001810004500
003 MACL
005 20160315165405.0
008 160315b xxu||||| |||| 00| 0 eng d
040 _aMACL
_cMACL
041 _aHindi
082 _a891.433
100 _aधूमकेतु
_946161
245 _aकर्णावती
260 _bवोरा एण्‍ड कम्‍पनी
_c1957
_aबम्‍बई
350 _a6
650 _aNovel
_946302
942 _cHIN
_k891.433
_2ddc
999 _c25167
_d25167